| 000 | 00491nam a2200157 i 4500 | ||
|---|---|---|---|
| 001 | 141287 | ||
| 003 | ES-MaACL | ||
| 005 | 20230906200249.0 | ||
| 007 | t| | ||
| 008 | 070920s1917 sp ||||1| spa d | ||
| 100 | 1 |
_aVives y Escudero, Antonio. _9115597 |
|
| 245 | 1 | 0 |
_aEstudio de arqueología cartaginesa _b: la necrópoli de Ibiza / _cAntonio Vives y Escudero. |
| 260 |
_aMadrid : _bBlass y Cía., _c1917. |
||
| 300 |
_aXLVIII, 189 p., 106 lám. ; _c27 cm. |
||
| 852 |
_aES-MaACL _jB-12997 |
||
| 999 |
_c141287 _d141287 |
||